000 00512nam a22002057a 4500
003 koha_MIRAKIL
005 20231213095956.0
008 231213b |||||||| |||| 00| 0 ||| d
020 _b978-9-75289924-7
040 _aTR-IsEVY
_btur
_cTR-IsEVY
082 _a843.914 MOU/S
100 _aMourad, Kenize.
245 0 _aSaraydan sürgüne
250 _a15. bs.
260 _bEverest Yayınları,
_c2014
300 _a597 s.
650 _aFransız romanı.
650 _aFrench fiction.
942 _2ddc
_cBK
999 _c12490
_d12490